El queso y los gusanos: el cosmos, según un molinero del siglo XVI
Gardado en:
| Autor Principal: | |
|---|---|
| Formato: | Libro |
| Idioma: | Lingua castelá |
| Publicado: |
Barcelona
Muchnik
1981
|
| Series: | Archivos de la Herejía, 1
|
| Subjects: | |
| Tags: |
Engadir etiqueta
Sen Etiquetas, Sexa o primeiro en etiquetar este rexistro!
|
MARC
| LEADER | 00000nam a2200000 a 4500 | ||
|---|---|---|---|
| 001 | UCP4917 | ||
| 003 | CL-VaPUC | ||
| 008 | 990821e19810000SP |||||||||||||||||spa|d | ||
| 082 | 0 | 4 | |a 272 |b GIN |2 21 |
| 100 | |a Ginzburg, Carlo |e author |9 571954 | ||
| 245 | 1 | 3 | |a El queso y los gusanos: el cosmos, según un molinero del siglo XVI |
| 300 | |a 256 p | ||
| 942 | |c BK | ||
| 945 | |d 19990821 00:00:00 |a crobeson | ||
| 260 | |a Barcelona |b Muchnik |c 1981 | ||
| 650 | 7 | |a PERSECUCIONES RELIGIOSAS |2 CL-VaPUC |9 432945 | |
| 650 | 7 | |a HEREJIAS Y HEREJES |2 CL-VaPUC |9 266272 | |
| 650 | 0 | |a Inquisición (Iglesia Católica) |9 258578 | |
| 583 | |a last modification |c 19990821 00:00:00 |k Rodrigo Vera | ||
| 490 | 0 | |a Archivos de la Herejía, 1 | |
| 999 | |c 282807 |d 282805 | ||
| 952 | |0 0 |1 0 |4 0 |6 272_000000000000000_GIN_1981 |7 0 |8 A |9 325233 |a BIBHIS |b BIBHIS |d 2019-11-20 |i 1356283 |l 2 |m 1 |o 272 GIN 1981 |p 1356283 |r 2025-04-01 |s 2025-03-21 |w 2019-11-20 |y BK |k HIS | ||